|
|
|
|
| LEADER |
00000nam a22000007a 4500 |
| 005 |
20190519162943.0 |
| 007 |
cr|||| |||| |
| 008 |
190519s2011 co |||||s|||| 00||0 spa d |
| 020 |
|
|
|a 978-958-695-480-8
|
| 035 |
|
|
|a 23390
|
| 040 |
|
|
|a vLex
|
| 090 |
|
|
|c 8775
|d 8775
|
| 100 |
1 |
|
|a Tickner, Arlene B.
|
| 245 |
1 |
0 |
|a Relaciones internacionales y polt̕ica exterior de Colombia
|h [Recurso electrn̤ico] /
|c Arlene B. Tickner, Sandra Borda
|
| 256 |
|
|
|a Servicio en ln̕ea
|
| 260 |
|
|
|a Bogot:̀
|b Universidad de Los Andes (Colombia),
|c 2011
|
| 300 |
|
|
|a 1 recurso electrn̤ico
|
| 506 |
1 |
|
|a Disponible solo en los productos indicados
|d vLex Global
|d vLex Global (Academic Edition, excluding Law Schools)
|d vLex Global (U.S. Academic Edition, Law Schools)
|d vLex Global (U.S. Academic Edition, excluding Law Schools)
|d vLex Global (Academic Edition, Law Schools)
|
| 650 |
0 |
4 |
|a Polt̕ica Exterior y Seguridad Comn︢
|z Colombia
|
| 650 |
0 |
4 |
|a Ciencias sociales
|z Colombia
|
| 700 |
1 |
|
|a Borda, Sandra
|
| 740 |
0 |
|
|a vLex Libros (Servicio en ln̕ea)
|
| 856 |
4 |
0 |
|u http://vlex.com/source/relaciones-internacionales-y-politica-exterior-de-colombia-23390
|z Acceso restringido
|
| 942 |
|
|
|c BOOK
|
| 999 |
0 |
|
|a Common Foreign and Security Policy
|
| 999 |
0 |
|
|a Social Sciences
|